Discursos leídos en la Real Academia de Buenas Letras de Barcelona en la recepción pública de D. José Pin y Soler el día 15 de febrero de 1914
Descripción Física:
55 p. ; 29 cm
MARC
| LEADER | 00000nam a2200000Ia 4500 | ||
|---|---|---|---|
| 001 | 6171 | ||
| 008 | 160829s1914 xx 000 0 cat d | ||
| 080 | |a L-1-329 | ||
| 100 | |a Pin i Soler, Josep |9 21170 | ||
| 245 | |a Discursos leídos en la Real Academia de Buenas Letras de Barcelona en la recepción pública de D. José Pin y Soler el día 15 de febrero de 1914 | ||
| 260 | |a Barcelona : |b Real Academia de Buenas Letras (Imp. de la Casa Prov. de Caridad), |c 1914 | ||
| 300 | |a 55 p. ; |c 29 cm | ||
| 710 | 2 | |a Reial Acadèmia de Bones Lletres de Barcelona |9 53064 | |
| 901 | |a Arxiu | ||
| 942 | |n 1 | ||
| 952 | |0 0 |1 0 |4 0 |6 L1329 |7 1 |9 41814 |a Arxiu |b Arxiu |d 2016-12-01 |l 0 |o L-1-329 |p 6171 |r 2016-12-01 00:00:00 |w 2016-12-01 |y ARXIU | ||
| 999 | |c 43737 |d 43737 | ||